[Event "Mar del Plata op 54th"]
[Site "Mar del Plata"]
[Date "2025.04.17"]
[Round "7"]
[White "Krysa, Leandro Sergio"]
[Black "Valerga, Diego"]
[Result "0-1"]
[WhiteElo "2488"]
[BlackElo "2414"]
[PlyCount "134"]
[EventDate "2025.04.12"]
[EventType "swiss"]
[EventRounds "9"]
[EventCountry "ARG"]
[SourceTitle "CB17_2025"]
[SourceDate "2025.04.23"]
[SourceVersion "1"]
[SourceVersionDate "2025.04.23"]
[SourceQuality "1"]

1. c4 e6 2. g3 Nf6 3. Bg2 d5 4. Nf3 Be7 5. 0-0 0-0 6. d4 dxc4 7. Qc2 a6 8. a4 Nc6 9. Qxc4 Qd5 10. Nbd2 Rd8 11. e3 Qxc4 12. Nxc4 Bd7 13. Bd2 Be8 14. Rfc1 Nd5 15. Nfe5 Nxe5 16. Nxe5 a5 17. Nd3 c6 18. Kf1 f6 19. Ke2 Bf7 20. Nc5 b6 21. Nd3 Rac8 22. Rc2 Bh5+ 23. Bf3 Bg6 24. Rac1 Be8 25. b3 Kf7 26. h4 Ba3 27. Ra1 Bd6 28. Rac1 Ba3 29. Rd1 Be7 30. e4 Nb4 31. Nxb4 axb4 32. Be3 Rb8 33. Ke1 e5 34. dxe5 Rxd1+ 35. Bxd1 fxe5 36. Be2 c5 37. Bc4+ Kf8 38. Ke2 Bc6 39. f3 Rd8 40. Rd2 Rxd2+ 41. Kxd2 Bd7 42. f4 Bf6 43. fxe5 Bxe5 44. Bf4 Bxf4+ 45. gxf4 Ke7 46. Ke3 g6 47. Bg8 Kf8 48. Bd5 Ke7 49. Bg8 Kf8 50. Bc4 Ke7 51. Bd5 Bh3 52. Bg8 Kf8 53. Bc4 Ke7 54. Kf3 Bd7 55. Kf2 Bc6 56. Kf3 Bd7 57. h5 gxh5 58. f5 h4 59. Bf1 Be8 60. e5 Bc6+ 61. Kf4 Bd5 62. f6+ Kf7 63. Be2 h3 64. Bh5+ Kf8 65. Kg3 Bxb3 66. Bg4 Kf7 67. Bh5+ Ke6 0-1

[Event "Mar del Plata op 54th"]
[Site "Mar del Plata"]
[Date "2025.04.14"]
[Round "4"]
[White "Valerga, Diego"]
[Black "Tovillas, Daniel R"]
[Result "1-0"]
[WhiteElo "2414"]
[BlackElo "2067"]
[PlyCount "87"]
[EventDate "2025.04.12"]
[EventType "swiss"]
[EventRounds "9"]
[EventCountry "ARG"]
[SourceTitle "CB17_2025"]
[SourceDate "2025.04.23"]
[SourceVersion "1"]
[SourceVersionDate "2025.04.23"]
[SourceQuality "1"]

1. e4 c5 2. Nf3 Nc6 3. Bb5 d6 4. 0-0 Bd7 5. Re1 a6 6. Bf1 g6 7. c3 Bg7 8. d4 e5 9. dxc5 dxc5 10. Be3 b6 11. Nbd2 Nge7 12. Nc4 Nc8 13. a4 0-0 14. Re2 Bg4 15. Rd2 Qc7 16. h3 Bxf3 17. Qxf3 Rd8 18. Rxd8+ Nxd8 19. Bg5 Ne6 20. Bf6 Nf4 21. Bxg7 Kxg7 22. Ne3 Ne7 23. Rd1 a5 24. g3 Nh5 25. Bc4 Nf6 26. Ng4 Neg8 27. Qd3 Nxg4 28. hxg4 Ra7 29. g5 Qe7 30. Qd8 Rb7 31. Kg2 Qxd8 32. Rxd8 Ne7 33. f4 exf4 34. gxf4 h6 35. gxh6+ Kxh6 36. Rf8 Rd7 37. Rxf7 Rd2+ 38. Kf3 Ng8 39. Rb7 Nf6 40. Rxb6 Kg7 41. Rb7+ Kh6 42. e5 Nh5 43. e6 Ng7 44. Rxg7 1-0

[Event "Mar del Plata op 54th"]
[Site "Mar del Plata"]
[Date "2025.04.13"]
[Round "2"]
[White "Valerga, Diego"]
[Black "Torrallardona, Eduard"]
[Result "1-0"]
[WhiteElo "2414"]
[BlackElo "1962"]
[PlyCount "156"]
[EventDate "2025.04.12"]
[EventType "swiss"]
[EventRounds "9"]
[EventCountry "ARG"]
[SourceTitle "CB17_2025"]
[SourceDate "2025.04.23"]
[SourceVersion "1"]
[SourceVersionDate "2025.04.23"]
[SourceQuality "1"]

1. Nf3 Nf6 2. c4 g6 3. Nc3 Bg7 4. e4 d6 5. d4 0-0 6. Be2 Nbd7 7. 0-0 e5 8. Re1 Re8 9. Bf1 c6 10. d5 c5 11. Rb1 Nf8 12. a3 Bd7 13. b4 b6 14. Bd2 Qc7 15. Rb3 a6 16. bxc5 bxc5 17. Qc2 Reb8 18. Reb1 Bc8 19. Bd3 N8d7 20. Na4 Rxb3 21. Rxb3 Rb8 22. g3 Bf8 23. Rxb8 Qxb8 24. Ba5 Be7 25. Nd2 Kf8 26. Nb3 Ke8 27. Bd2 Bd8 28. Na5 Bxa5 29. Bxa5 Ke7 30. Kg2 Kf8 31. Qb2 Qxb2 32. Nxb2 Nh5 33. f3 Nhf6 34. Na4 Ke7 35. Bd2 Kf8 36. f4 Ke7 37. Kf3 Kf8 38. Bc3 Ne8 39. Ke3 Ke7 40. Be2 Nef6 41. Nb2 Ne8 42. Nd3 f6 43. Ba5 Nf8 44. h4 Ng7 45. Kf2 Bd7 46. Bd2 Ba4 47. fxe5 fxe5 48. Bg5+ Kf7 49. Ke3 Ne8 50. Nf2 Nf6 51. g4 Kg7 52. Kd3 N8d7 53. Bd2 h5 54. g5 Ne8 55. Ba5 Kf7 56. Nd1 Nf8 57. Bd8 Ng7 58. Nc3 Bd7 59. Kc2 Nh7 60. Kb3 Ke8 61. Bc7 Ke7 62. Na4 Ne8 63. Ba5 Nf8 64. Nb6 Bh3 65. Bd2 Bg2 66. Bd3 Kd8 67. Na4 Nd7 68. Ba5+ Ke7 69. Nc3 Bh3 70. Nd1 Bg4 71. Nf2 Bf3 72. Be1 Ng7 73. Kc3 Bg4 74. Kd2 Nf8 75. Nxg4 hxg4 76. Be2 g3 77. Ke3 Nh5 78. Kf3 Nd7 1-0

[Event "ARG-ch 99th"]
[Site "Buenos Aires"]
[Date "2024.12.06"]
[Round "11"]
[White "Tokman, Ariel"]
[Black "Valerga, Diego"]
[Result "1/2-1/2"]
[WhiteElo "2390"]
[BlackElo "2445"]
[PlyCount "77"]
[EventDate "2024.11.26"]
[EventType "tourn"]
[EventRounds "11"]
[EventCountry "ARG"]
[EventCategory "9"]
[SourceTitle "CB50_2024"]
[SourceDate "2024.11.01"]
[SourceVersion "1"]
[SourceVersionDate "2024.11.01"]
[SourceQuality "2"]

1. d4 Nf6 2. Nf3 d5 3. c4 e6 4. Nc3 c5 5. cxd5 Nxd5 6. e4 Nxc3 7. bxc3 cxd4 8. cxd4 Bb4+ 9. Bd2 Bxd2+ 10. Qxd2 0-0 11. Bc4 Nd7 12. 0-0 b6 13. Rad1 Bb7 14. Rfe1 Rc8 15. Bd3 Re8 16. h4 h6 17. a4 Qc7 18. a5 Red8 19. axb6 axb6 20. Rb1 Qc3 21. Qe2 Rc7 22. Red1 Rdc8 23. Qe3 Nf6 24. d5 exd5 25. e5 Ne4 26. Rxb6 Qa5 27. Rdb1 Rc1+ 28. Kh2 Rxb1 29. Rxb1 Qc7 30. Kg1 Bc6 31. Rc1 Qb7 32. Nd4 Bd7 33. Rxc8+ Bxc8 34. f3 Nc5 35. Bf1 Qb6 36. Kf2 Ba6 37. Bxa6 Qxa6 38. Kg3 Qc4 39. Kh2 1/2-1/2

[Event "ARG-ch 99th"]
[Site "Buenos Aires"]
[Date "2024.12.05"]
[Round "10"]
[White "Valerga, Diego"]
[Black "Acosta, Pablo Ismael"]
[Result "1/2-1/2"]
[WhiteElo "2445"]
[BlackElo "2454"]
[PlyCount "53"]
[EventDate "2024.11.26"]
[EventType "tourn"]
[EventRounds "11"]
[EventCountry "ARG"]
[EventCategory "9"]
[SourceTitle "CB50_2024"]
[SourceDate "2024.11.01"]
[SourceVersion "1"]
[SourceVersionDate "2024.11.01"]
[SourceQuality "2"]

1. e4 d6 2. d4 Nf6 3. Nc3 e5 4. Nf3 Nbd7 5. Bc4 Be7 6. 0-0 0-0 7. Re1 c6 8. a4 h6 9. a5 Re8 10. h3 Qc7 11. d5 b5 12. axb6 Nxb6 13. Bb3 cxd5 14. exd5 a6 15. Be3 Nfd7 16. Na4 Nc4 17. Bxc4 Qxc4 18. b3 Qc7 19. Nd2 f5 20. Nc4 Rb8 21. Bd2 Rb5 22. Nc3 Rb8 23. Na4 Rb5 24. Nc3 Rb8 25. Na4 Rb5 26. Nc3 Rb8 27. Na4 1/2-1/2

[Event "ARG-ch 99th"]
[Site "Buenos Aires"]
[Date "2024.11.27"]
[Round "2"]
[White "Peralta, Fernando"]
[Black "Valerga, Diego"]
[Result "1-0"]
[WhiteElo "2546"]
[BlackElo "2445"]
[PlyCount "59"]
[EventDate "2024.11.26"]
[EventType "tourn"]
[EventRounds "11"]
[EventCountry "ARG"]
[EventCategory "9"]
[SourceTitle "CB50_2024"]
[SourceDate "2024.11.01"]
[SourceVersion "1"]
[SourceVersionDate "2024.11.01"]
[SourceQuality "2"]

1. d4 d5 2. c4 e6 3. Nc3 Nf6 4. cxd5 Nxd5 5. e4 Nxc3 6. bxc3 c5 7. Rb1 Be7 8. Nf3 0-0 9. h4 cxd4 10. cxd4 Nc6 11. Be2 b6 12. h5 Bb7 13. h6 g6 14. 0-0 Rc8 15. Bb2 Na5 16. Bd3 Bf6 17. Qe2 Nc6 18. d5 exd5 19. exd5 Nb8 20. Rfe1 Nd7 21. Bb5 Nc5 22. Rbd1 Qd6 23. Ne5 a6 24. Bc6 Bxc6 25. dxc6 Qe6 26. Nd7 Nxd7 27. cxd7 Rcd8 28. Qf3 Qxe1+ 29. Rxe1 Bxb2 30. Qc6 1-0

[Event "Villa Martelli ProAm op 31st"]
[Site "Villa Martelli"]
[Date "2024.10.27"]
[Round "9"]
[White "Valerga, Diego"]
[Black "Villca, Julian"]
[Result "1/2-1/2"]
[WhiteElo "2432"]
[BlackElo "2424"]
[PlyCount "68"]
[EventDate "2024.10.19"]
[EventType "swiss"]
[EventRounds "9"]
[EventCountry "ARG"]
[SourceTitle "CB44_2024"]
[Source "Chessbase"]
[SourceDate "2024.10.30"]
[SourceVersion "1"]
[SourceVersionDate "2024.10.30"]
[SourceQuality "1"]

1. d4 d5 2. c4 e6 3. Nf3 Nf6 4. g3 Be7 5. Bg2 0-0 6. 0-0 c6 7. Qc2 b6 8. Nbd2 Bb7 9. e4 c5 10. exd5 exd5 11. dxc5 Bxc5 12. Nb3 Na6 13. Nxc5 Nxc5 14. Rd1 Qc8 15. Be3 dxc4 16. Qxc4 Ne6 17. Qxc8 Raxc8 18. Rac1 h6 19. Nd4 Bxg2 20. Nxe6 fxe6 21. Kxg2 e5 22. Bd2 Ne4 23. Be1 Rxc1 24. Rxc1 Nc5 25. Rd1 Rf7 26. Rd8+ Kh7 27. b4 Nd7 28. Bc3 Re7 29. Kf3 Kg6 30. Ke3 Nf6 31. h3 Kf7 32. Rd6 Re6 33. Rd8 Re7 34. Rd6 Re6 1/2-1/2

[Event "Villa Martelli ProAm op 31st"]
[Site "Villa Martelli"]
[Date "2024.10.26"]
[Round "8"]
[White "Tristan, Leonardo"]
[Black "Valerga, Diego"]
[Result "1/2-1/2"]
[WhiteElo "2536"]
[BlackElo "2432"]
[PlyCount "145"]
[EventDate "2024.10.19"]
[EventType "swiss"]
[EventRounds "9"]
[EventCountry "ARG"]
[SourceTitle "CB44_2024"]
[Source "Chessbase"]
[SourceDate "2024.10.30"]
[SourceVersion "1"]
[SourceVersionDate "2024.10.30"]
[SourceQuality "1"]

1. d4 d5 2. Nf3 e6 3. Bf4 c5 4. e3 Nf6 5. c3 Nc6 6. Nbd2 cxd4 7. exd4 Nh5 8. Be3 Bd6 9. Ne5 Nf6 10. Ndf3 Qc7 11. Bd3 Bxe5 12. Nxe5 Nxe5 13. dxe5 Qxe5 14. 0-0 Bd7 15. Bd4 Qf4 16. Re1 Bc6 17. b4 b6 18. b5 Bb7 19. a4 0-0 20. a5 Ne4 21. g3 Qc7 22. a6 Bc8 23. Rxe4 dxe4 24. Bxe4 e5 25. Bxa8 exd4 26. cxd4 Bg4 27. Qxg4 Rxa8 28. Qe4 Rc8 29. Re1 g6 30. Qb7 Kf8 31. Qe4 Qd6 32. Rd1 Re8 33. Qb7 Re7 34. Qc8+ Kg7 35. Qc6 Qb4 36. Kg2 Qb3 37. Rc1 Re6 38. Qc4 Qb2 39. Rc2 Qa1 40. Ra2 Qd1 41. Qa4 Re1 42. Qxd1 Rxd1 43. Ra4 Rb1 44. Rc4 Rxb5 45. Rc7 Rd5 46. Rxa7 Rxd4 47. Rb7 Rb4 48. Kf3 b5 49. Ke3 Ra4 50. a7 h5 51. h4 Kf6 52. Kd3 Kg7 53. Kc3 Kf6 54. Kb3 Ke6 55. f3 f5 56. Kc3 Rc4+ 57. Kd3 Ra4 58. Ke3 Kf6 59. Rc7 Ke5 60. Re7+ Kf6 61. Rb7 Ke6 62. Rb6+ Kf7 63. Rb7+ Kf6 64. Kd3 Ke6 65. Rc7 Kf6 66. Rd7 Ke6 67. Rb7 Kf6 68. Ke3 Ke6 69. Rxb5 Rxa7 70. Kf4 Ra3 71. Rb1 Kf6 72. Rb6+ Kf7 73. Rb7+ 1/2-1/2

[Event "Villa Martelli ProAm op 31st"]
[Site "Villa Martelli"]
[Date "2024.10.24"]
[Round "6"]
[White "Acosta, Pablo Ismael"]
[Black "Valerga, Diego"]
[Result "1/2-1/2"]
[WhiteElo "2448"]
[BlackElo "2432"]
[PlyCount "29"]
[EventDate "2024.10.19"]
[EventType "swiss"]
[EventRounds "9"]
[EventCountry "ARG"]
[SourceTitle "CB44_2024"]
[Source "Chessbase"]
[SourceDate "2024.10.30"]
[SourceVersion "1"]
[SourceVersionDate "2024.10.30"]
[SourceQuality "1"]

1. Nf3 Nf6 2. g3 g6 3. Bg2 Bg7 4. 0-0 0-0 5. c4 d6 6. Nc3 Nc6 7. d4 Bf5 8. b3 Ne4 9. Bb2 Nxc3 10. Bxc3 Be4 11. e3 e5 12. d5 Ne7 13. Nd2 Bxg2 14. Kxg2 Qd7 15. Qc2 1/2-1/2

[Event "Villa Martelli ProAm op 31st"]
[Site "Villa Martelli"]
[Date "2024.10.21"]
[Round "3"]
[White "Valerga, Diego"]
[Black "Silva, Lucas"]
[Result "1-0"]
[WhiteElo "2432"]
[BlackElo "2231"]
[PlyCount "109"]
[EventDate "2024.10.19"]
[EventType "swiss"]
[EventRounds "9"]
[EventCountry "ARG"]
[SourceTitle "CB44_2024"]
[Source "Chessbase"]
[SourceDate "2024.10.30"]
[SourceVersion "1"]
[SourceVersionDate "2024.10.30"]
[SourceQuality "1"]

1. e4 e5 2. Nf3 Nc6 3. Bb5 f5 4. d3 fxe4 5. dxe4 Nf6 6. 0-0 d6 7. Bc4 Bg4 8. h3 Bh5 9. Nc3 Be7 10. g4 Bg6 11. Nh4 Qd7 12. Nf5 Bf8 13. Bg5 Bf7 14. Qd3 Bxc4 15. Qxc4 0-0-0 16. Bxf6 gxf6 17. Nd5 Bg7 18. c3 Kb8 19. b4 Rde8 20. Rfd1 Nd8 21. Qxc7+ Qxc7 22. Nxc7 Kxc7 23. Nxg7 Re7 24. Nf5 Rd7 25. Ne3 Ne6 26. Nd5+ Kb8 27. Rd3 Rf7 28. Rf3 Ng5 29. Rxf6 Nxh3+ 30. Kg2 Nf4+ 31. Kf3 Rhf8 32. Rxf7 Rxf7 33. Nxf4 Rxf4+ 34. Kg3 Kc7 35. Rh1 Rf7 36. c4 Kd7 37. Rh6 b6 38. b5 Ke7 39. g5 Rg7 40. Kg4 Rf7 41. Kh5 Kd7 42. Rf6 Rxf6 43. gxf6 Ke6 44. Kh6 Kxf6 45. f3 Kf7 46. Kxh7 Kf6 47. Kh6 Kf7 48. Kg5 Kg7 49. f4 exf4 50. Kxf4 Kf6 51. Ke3 Ke7 52. Kd4 Ke6 53. a3 Ke7 54. Kd5 Kd7 55. a4 1-0

[Event "ARG-chT"]
[Site "Villa Martelli"]
[Date "2024.09.14"]
[Round "3.1"]
[White "Miranda, Rafael"]
[Black "Valerga, Diego"]
[Result "0-1"]
[WhiteElo "2267"]
[BlackElo "2433"]
[PlyCount "84"]
[EventDate "2024.08.31"]
[EventType "team-swiss"]
[EventRounds "8"]
[EventCountry "ARG"]
[SourceTitle "EXT 2025"]
[Source "ChessBase"]
[SourceDate "2024.10.14"]
[SourceVersion "1"]
[SourceVersionDate "2024.10.14"]
[SourceQuality "1"]
[WhiteTeam "Ventajedrez Plastigal"]
[BlackTeam "Republica Martelli"]
[WhiteTeamCountry "ARG"]
[BlackTeamCountry "ARG"]

1. e4 c5 2. Nf3 d6 3. d4 cxd4 4. Nxd4 Nf6 5. Nc3 a6 6. Bd3 g6 7. f3 Bg7 8. Be3 Nc6 9. Qd2 Bd7 10. 0-0-0 h5 11. Kb1 Rc8 12. h3 Ne5 13. f4 Nxd3 14. cxd3 0-0 15. Nf3 b5 16. Bd4 b4 17. Ne2 a5 18. Rdg1 Bb5 19. g4 e5 20. Be3 d5 21. fxe5 dxe4 22. exf6 Qxf6 23. Ned4 Bxd3+ 24. Ka1 Rc2 25. Qd1 Rfc8 26. gxh5 Qxf3 27. Qxd3 exd3 28. Nxf3 Bxb2+ 29. Kb1 Bc3 30. Bc1 b3 31. axb3 Rb8 32. Nd2 Bxd2 33. Bxd2 Rxb3+ 34. Ka1 Ra3+ 35. Kb1 Rb3+ 36. Ka1 Rxd2 37. hxg6 Rbb2 38. gxf7+ Kxf7 39. Rf1+ Ke6 40. Rhg1 Ra2+ 41. Kb1 Rdb2+ 42. Kc1 d2+ 0-1

[Event "Villa Constitucion op 6th"]
[Site "Villa Constitucion"]
[Date "2024.08.16"]
[Round "4"]
[White "Romero Barreto, Jaime Jose"]
[Black "Valerga, Diego"]
[Result "1/2-1/2"]
[WhiteElo "2322"]
[BlackElo "2433"]
[PlyCount "34"]
[EventDate "2024.08.14"]
[EventType "swiss"]
[EventRounds "9"]
[EventCountry "ARG"]
[SourceTitle "CBM 221 Extra"]
[Source "ChessBase"]
[SourceDate "2024.09.30"]
[SourceVersion "1"]
[SourceVersionDate "2024.09.30"]
[SourceQuality "1"]

1. e4 c5 2. Nc3 e6 3. d4 cxd4 4. Qxd4 Nc6 5. Qe3 Nf6 6. Bd2 d5 7. exd5 Nxd5 8. Nxd5 Qxd5 9. Qb3 Bc5 10. Qxd5 exd5 11. Bb5 0-0 12. Ne2 a6 13. Bd3 Ne5 14. 0-0 Nxd3 15. cxd3 Bf5 16. d4 Bb6 17. Rfe1 Rfe8 1/2-1/2

[Event "Villa Constitucion op 6th"]
[Site "Villa Constitucion"]
[Date "2024.08.16"]
[Round "5"]
[White "Valerga, Diego"]
[Black "Paveto, Kevin"]
[Result "1/2-1/2"]
[WhiteElo "2433"]
[BlackElo "2407"]
[PlyCount "30"]
[EventDate "2024.08.14"]
[EventType "swiss"]
[EventRounds "9"]
[EventCountry "ARG"]
[SourceTitle "CBM 221 Extra"]
[Source "ChessBase"]
[SourceDate "2024.09.30"]
[SourceVersion "1"]
[SourceVersionDate "2024.09.30"]
[SourceQuality "1"]

1. Nf3 Nf6 2. c4 g6 3. Nc3 d5 4. cxd5 Nxd5 5. e4 Nxc3 6. dxc3 Qxd1+ 7. Kxd1 Nd7 8. Bf4 c6 9. Kc2 f6 10. Nd2 e5 11. Be3 Bc5 12. Bxc5 Nxc5 13. f3 Be6 14. b4 Nd7 15. Bc4 Ke7 1/2-1/2

[Event "ARG-ch sf 99th"]
[Site "Buenos Aires"]
[Date "2024.06.08"]
[Round "8"]
[White "Cumpe, Lucas"]
[Black "Valerga, Diego"]
[Result "1/2-1/2"]
[WhiteElo "2251"]
[BlackElo "2440"]
[PlyCount "158"]
[EventDate "2024.06.01"]
[EventType "swiss"]
[EventRounds "9"]
[EventCountry "ARG"]
[SourceTitle "CBM 220 Extra"]
[Source "ChessBase"]
[SourceDate "2024.07.31"]
[SourceVersion "1"]
[SourceVersionDate "2024.07.31"]
[SourceQuality "1"]

1. e4 c6 2. d4 d5 3. e5 Bf5 4. h4 h6 5. h5 e6 6. g4 Bh7 7. Bd3 Bxd3 8. Qxd3 Qb6 9. Nf3 Qa6 10. Qxa6 Nxa6 11. Be3 c5 12. Nbd2 Nb4 13. 0-0-0 Rc8 14. c3 cxd4 15. Bxd4 Nc6 16. Kb1 Nge7 17. Nb3 Nxd4 18. Nfxd4 Nc6 19. f4 Nxd4 20. Nxd4 Bc5 21. f5 Ke7 22. Rhf1 Bxd4 23. Rxd4 Rc4 24. Rff4 Rhc8 25. Kc2 Rxd4 26. Rxd4 f6 27. exf6+ Kxf6 28. fxe6 Kxe6 29. Kd3 Ke5 30. Ra4 a6 31. Rb4 b5 32. b3 Rf8 33. a4 Rf3+ 34. Ke2 Rf4 35. Rxf4 Kxf4 36. Kd3 Kxg4 37. axb5 axb5 38. Kd4 Kxh5 39. Kxd5 g5 40. c4 bxc4 41. bxc4 g4 42. c5 g3 43. c6 g2 44. c7 g1Q 45. c8Q Qg5+ 46. Kd6 Kh4 47. Qc4+ Qg4 48. Qf1 Qg3+ 49. Ke7 h5 50. Qh1+ Kg5 51. Qd5+ Kh6 52. Qe6+ Qg6 53. Kf8 h4 54. Qe3+ Kh5 55. Qf3+ Kg5 56. Qe3+ Kg4 57. Qg1+ Kh5 58. Qd1+ Qg4 59. Qd5+ Qg5 60. Qf3+ Kg6 61. Qf7+ Kh6 62. Qe6+ Kh5 63. Qe2+ Kg6 64. Qe8+ Kf5 65. Qb5+ Kf4 66. Qf1+ Ke4 67. Qc4+ Kf3 68. Qf1+ Kg4 69. Qg2+ Kh5 70. Qf3+ Qg4 71. Qd5+ Kg6 72. Qg8+ Kf5 73. Qd5+ Kf6 74. Qd6+ Qe6 75. Qf4+ Qf5 76. Qxh4+ Ke6+ 77. Kg8 Qf7+ 78. Kh8 Qf6+ 79. Qxf6+ Kxf6 1/2-1/2

[Event "ARG-ch sf 99th"]
[Site "Buenos Aires"]
[Date "2024.06.05"]
[Round "5"]
[White "Valerga, Diego"]
[Black "Villarreal, Agustin"]
[Result "1-0"]
[WhiteElo "2440"]
[BlackElo "2292"]
[PlyCount "53"]
[EventDate "2024.06.01"]
[EventType "swiss"]
[EventRounds "9"]
[EventCountry "ARG"]
[SourceTitle "CBM 220 Extra"]
[Source "ChessBase"]
[SourceDate "2024.07.31"]
[SourceVersion "1"]
[SourceVersionDate "2024.07.31"]
[SourceQuality "1"]

1. d4 d5 2. c4 e6 3. Nc3 Be7 4. Nf3 Nf6 5. Bg5 h6 6. Bxf6 Bxf6 7. e3 0-0 8. Rc1 c6 9. Bd3 Nd7 10. 0-0 dxc4 11. Bxc4 e5 12. Ne4 exd4 13. Nxd4 Nb6 14. Nxf6+ Qxf6 15. Bb3 Rd8 16. Qh5 Nd7 17. f4 Nf8 18. f5 Re8 19. Ne6 Re7 20. Rcd1 Bd7 21. Nxg7 Rxe3 22. Rd6 Qxg7 23. Rxh6 Rxb3 24. axb3 f6 25. Rf3 Be8 26. Qh4 Nh7 27. Rxh7 1-0

[Event "ARG-ch sf 99th"]
[Site "Buenos Aires"]
[Date "2024.06.02"]
[Round "2"]
[White "Valerga, Diego"]
[Black "Barrionuevo, Pablo"]
[Result "1/2-1/2"]
[WhiteElo "2440"]
[BlackElo "2187"]
[PlyCount "111"]
[EventDate "2024.06.01"]
[EventType "swiss"]
[EventRounds "9"]
[EventCountry "ARG"]
[SourceTitle "CBM 220 Extra"]
[Source "ChessBase"]
[SourceDate "2024.07.31"]
[SourceVersion "1"]
[SourceVersionDate "2024.07.31"]
[SourceQuality "1"]

1. d4 d5 2. c4 e6 3. Nf3 c5 4. cxd5 exd5 5. Nc3 Nc6 6. g3 Nf6 7. Bg2 Be7 8. 0-0 0-0 9. Bg5 cxd4 10. Nxd4 h6 11. Be3 Re8 12. Rc1 Bf8 13. Na4 Bd7 14. Nc5 Nxd4 15. Bxd4 Bc6 16. Nd3 Bd6 17. Re1 Ne4 18. a3 a5 19. e3 Bb5 20. Nf4 Bc6 21. h4 Be5 22. Bxe5 Rxe5 23. Qd4 Qe7 24. Bh3 Nf6 25. Nd3 Re4 26. Qc5 Qxc5 27. Nxc5 Re7 28. Bf1 a4 29. Red1 g5 30. hxg5 hxg5 31. Nd3 Kg7 32. Nb4 Re6 33. Bg2 Rd8 34. Rd4 Red6 35. Nxc6 Rxc6 36. Rxc6 bxc6 37. Rxa4 Rb8 38. Rb4 Rxb4 39. axb4 Kf8 40. Kf1 Ke7 41. Ke2 Kd6 42. Kd3 Ke5 43. Bf3 g4 44. Bg2 Nh7 45. Kc3 Ng5 46. b5 cxb5 47. Kb4 Ne4 48. Bxe4 Kxe4 49. Kxb5 Kf3 50. Kc6 Kxf2 51. b4 Kxg3 52. b5 Kf2 53. b6 g3 54. b7 g2 55. b8Q g1Q 56. Qf4+ 1/2-1/2

[Event "Mar del Plata op 53rd"]
[Site "Mar del Plata"]
[Date "2024.03.25"]
[Round "3"]
[White "Pereyra, Horacio"]
[Black "Valerga, Diego"]
[Result "1/2-1/2"]
[WhiteElo "2139"]
[BlackElo "2442"]
[PlyCount "54"]
[EventDate "2024.03.23"]
[EventType "swiss"]
[EventRounds "9"]
[EventCountry "ARG"]
[SourceTitle "CBM 219 Extra"]
[Source "ChessBase"]
[SourceDate "2024.05.31"]
[SourceVersion "1"]
[SourceVersionDate "2024.05.31"]
[SourceQuality "1"]

1. e4 c6 2. d4 d5 3. Nd2 dxe4 4. Nxe4 Bf5 5. Ng3 Bg6 6. Nf3 Nd7 7. h4 h6 8. h5 Bh7 9. Bd3 Bxd3 10. Qxd3 e6 11. Bd2 Ngf6 12. 0-0-0 Qc7 13. Qe2 0-0-0 14. Ne5 Nb6 15. Ba5 Rd5 16. Bxb6 axb6 17. c4 Rd8 18. Kb1 c5 19. Nf3 cxd4 20. Nxd4 Bc5 21. Nb5 Qf4 22. Qc2 Qxf2 23. Qa4 Qxg3 24. Qa8+ Qb8 25. Na7+ Kc7 26. Nb5+ Kc8 27. Na7+ Kc7 1/2-1/2

[Event "Mercosur Cup 25th"]
[Site "Buenos Aires"]
[Date "2023.11.16"]
[Round "4"]
[White "Perez Gormaz, Matias Ariel"]
[Black "Valerga, Diego"]
[Result "1-0"]
[WhiteElo "2400"]
[BlackElo "2429"]
[PlyCount "87"]
[EventDate "2023.11.13"]
[EventType "tourn"]
[EventRounds "9"]
[EventCountry "ARG"]
[EventCategory "7"]
[SourceTitle "EXT 2025"]
[Source "ChessBase"]
[SourceDate "2024.10.14"]
[SourceVersion "1"]
[SourceVersionDate "2024.10.14"]
[SourceQuality "1"]

1. e4 e6 2. d4 d5 3. Nd2 c5 4. Ngf3 cxd4 5. Nxd4 Ne7 6. Bd3 e5 7. N4f3 Nbc6 8. exd5 Nxd5 9. 0-0 Be7 10. Nc4 f6 11. c3 Be6 12. Qc2 Qc7 13. Re1 g6 14. Bd2 Bf7 15. a3 0-0 16. h4 b5 17. Ne3 Nf4 18. Bxb5 Na5 19. Ng4 Bb3 20. Qc1 Nxg2 21. Kxg2 Bd5 22. c4 Bxf3+ 23. Kxf3 Nb3 24. Qc3 Nxa1 25. Rxa1 Qb7+ 26. Ke2 Rad8 27. Rg1 Bc5 28. b4 Qe4+ 29. Ne3 Bd4 30. Qc2 Qxh4 31. Bc6 f5 32. Rh1 Qf6 33. Nd5 Qe6 34. Bg5 Rd6 35. Ne7+ Kh8 36. Bd5 Qd7 37. Qd3 h5 38. Qf3 Kg7 39. c5 e4 40. Qb3 Ra6 41. Qc4 Bf6 42. Qxa6 Qxe7 43. Bxf6+ Rxf6 44. Qb7 1-0

[Event "ARG-ch 98th"]
[Site "Buenos Aires"]
[Date "2023.11.06"]
[Round "10"]
[White "Peralta, Fernando"]
[Black "Valerga, Diego"]
[Result "1-0"]
[WhiteElo "2580"]
[BlackElo "2428"]
[PlyCount "77"]
[EventDate "2023.10.28"]
[EventType "tourn"]
[EventRounds "11"]
[EventCountry "ARG"]
[EventCategory "7"]
[SourceTitle "CBM 217 Extra"]
[Source "ChessBase"]
[SourceDate "2024.01.31"]
[SourceVersion "1"]
[SourceVersionDate "2024.01.31"]
[SourceQuality "1"]

1. d4 Nf6 2. c4 e6 3. Nc3 Bb4 4. e3 0-0 5. Bd3 d5 6. cxd5 exd5 7. Nge2 c5 8. 0-0 Nc6 9. f3 Re8 10. Kh1 h6 11. Rg1 h5 12. a3 cxd4 13. exd4 Bd6 14. g3 Be6 15. Bf4 Rc8 16. Qd2 Be7 17. Rae1 Nd7 18. Be3 Bf6 19. Bb1 Nf8 20. Nf4 g6 21. Ba2 Ne7 22. Re2 Qd7 23. Rge1 Red8 24. Qd1 Qd6 25. Bf2 Rd7 26. Nd3 Nf5 27. Nc5 Re7 28. N3e4 dxe4 29. Nxe4 Bxa2 30. Nxd6 Rxe2 31. Rxe2 Nxd6 32. b3 Bg5 33. f4 Bxb3 34. Qxb3 Bf6 35. Qb4 Rd8 36. d5 b6 37. Bd4 Bxd4 38. Qxd4 Nd7 39. Qa4 1-0

[Event "ARG-ch 98th"]
[Site "Buenos Aires"]
[Date "2023.11.04"]
[Round "8"]
[White "Villca, Julian"]
[Black "Valerga, Diego"]
[Result "1/2-1/2"]
[WhiteElo "2383"]
[BlackElo "2428"]
[PlyCount "48"]
[EventDate "2023.10.28"]
[EventType "tourn"]
[EventRounds "11"]
[EventCountry "ARG"]
[EventCategory "7"]
[SourceTitle "CBM 217 Extra"]
[Source "ChessBase"]
[SourceDate "2024.01.31"]
[SourceVersion "1"]
[SourceVersionDate "2024.01.31"]
[SourceQuality "1"]

1. c4 e6 2. Nf3 Nf6 3. b3 d5 4. Bb2 c5 5. e3 Nc6 6. cxd5 exd5 7. Be2 Bd6 8. 0-0 0-0 9. d4 cxd4 10. Nxd4 Re8 11. Nd2 a6 12. N2f3 Bd7 13. Rc1 Qe7 14. h3 Ne4 15. Bd3 Ne5 16. Bb1 Rad8 17. Nd2 Bxh3 18. gxh3 Qg5+ 19. Kh1 Qh4 20. Kg2 Qg5+ 21. Kh1 Qh6 22. Kg2 Qg5+ 23. Kh1 Qh4 24. Kg2 Qg5+ 1/2-1/2